00984nam a2200265 i 4500003000900000005001700009007000300026008004100029040003000070082001300100110004500113240001700158245011000175264006700285300002500352336002700377337003300404338002800437590002700465700005500492910001400547942001300561952012700574999001700701DO-SdBNP20230925112954.0ta140217s1989 dr 000 0 spa d aDO-SdBNPbspacBNPHUerda bL6812222 aDafesa consultores e inversionistas944710a[leyes,etc.]10aLey de condominios :b(No. 5038 del 21 de noviembre de 1958) /cpresentación Danilo A. Feliz Sánchez  1aSanto Domingo :bDafesa consultores e inversionistas, c1989. a14 páginasc22 cm. 2rdacontentatextobtxt 2rdamediaasin mediaciónbn 2rdacarrieravolumenbnc aInventariado, 2023/ YL1 aFeliz Sánchez, Danilo A.epresentación 936228 aYLockward 2ddccLF2 00102ddc51708DS-FaBNPHUbBNPHUcCTd2022-05-19eUbi Rivasl0oBNPHU F-PD L681p2023-6373r2023-09-25w2023-09-25yLF2 c54921d54921